000 00508nam a2200193Ia 4500
003 LK-CoDNM
008 010623t xxu||||| |||| 00| 1 sin d
040 _aLK-CoDNM
_dLK-CoDNM
_eLK-CoDNM
041 _asin
080 _a784
100 _aFernando, C.T.
245 _aසිහින ලොවේ මිහිර මැවූ මාලී
246 _aSihina lowe mihira mevu Malee
260 _bD.H.Kulathunga
_aRajagiriya
300 _b, 18 cm
650 _aCulture
650 _aMusic
942 _cBK
999 _c142137
_d142137